| 000 | 00737nam a2200217 a 4500 | ||
|---|---|---|---|
| 005 | 20230804063521.0 | ||
| 008 | 041013s1999 br r 000 0 por d | ||
| 020 | _a858658469X | ||
| 035 | _aUPN01000135717 | ||
| 049 | _aCG | ||
| 050 | 4 |
_aLC1091 _bD4.5 |
|
| 245 | 0 | 2 |
_aA democracia no cotidiano da escola / _cInés Barbosa de Oliveira ... [et al.]. |
| 260 |
_aRio de Janeiro, Brasil : _bDP&A : _bSEPE, _a1999. |
||
| 300 |
_a123 p. : _bil. |
||
| 440 | 0 | _aO sentido da escola | |
| 650 | 4 |
_aDEMOCRACIA - _xESTUDIO Y ENSEÑANZA - _zBRASIL _910889 |
|
| 650 | 4 |
_aEDUCACION - _xFINES Y OBJETIVOS - _zBRASIL _910890 |
|
| 650 | 7 |
_aSociología de la educación _zBrasil _2 _98092 |
|
| 700 | 1 |
_aBarbosa de Oliveira, Inés, _ecoaut. |
|
| 905 | _aLibro | ||
| 999 |
_c107868 _d107868 |
||